[Event "KONIK MORSKI REWALA 2013-B"]
[Site "Rewal"]
[Date "2013.08.23"]
[Round "4.4"]
[White "Ancuta, Adam"]
[Black "Ziaja, Krystian"]
[Result "1-0"]
[WhiteElo "1976"]
[BlackElo "1885"]
[PlyCount "49"]
[EventDate "2013.??.??"]

1. e4 e6 2. d4 d5 3. exd5 exd5 4. c4 Nf6 5. Nc3 h6 6. Nf3 Bb4 7. Bd3 O-O 8. Ne5
c5 9. Be3 dxc4 10. Bxc4 b5 11. Bd3 c4 12. Bb1 Nbd7 13. Qf3 Nxe5 14. Qxa8 Nd5
15. O-O Nxc3 16. dxe5 Qc7 17. bxc3 Bb7 18. Qxa7 Bxc3 19. Bc2 Bxa1 20. Rxa1 Qxe5
21. Qd4 Qe7 22. Qc5 Qf6 23. Bd4 Qh4 24. Re1 Qg4 25. Qxf8+ 1-0

[Event "KONIK MORSKI REWALA 2013-B"]
[Site "Rewal"]
[Date "2013.08.23"]
[Round "4.5"]
[White "Lopuszanski, Kamil"]
[Black "Milanowski, Jan"]
[Result "1-0"]
[WhiteElo "1879"]
[BlackElo "1971"]
[PlyCount "124"]
[EventDate "2013.??.??"]

1. d4 Nf6 2. c4 d6 3. Nc3 e5 4. Nf3 Nbd7 5. e4 c6 6. Be2 Be7 7. O-O O-O 8. Qc2
Re8 9. Rd1 Qc7 10. b4 a5 11. b5 exd4 12. Nxd4 Nc5 13. Bf4 Bf8 14. Bf3 Ne6 15.
Be3 Nxd4 16. Bxd4 Nd7 17. bxc6 bxc6 18. Na4 Rb8 19. Rac1 Ne5 20. Be2 Ba6 21. f4
Nd7 22. a3 h6 23. Bf3 c5 24. Ba1 Nb6 25. Nxb6 Rxb6 26. e5 Bb7 27. Bd5 Bxd5 28.
cxd5 Qb7 29. exd6 Bxd6 30. Qc3 f6 31. g3 Rb3 32. Qxa5 c4 33. Rxc4 Rxa3 34. Qd2
Qa6 35. Rc6 Bc5+ 36. Rxc5 Rxa1 37. Rxa1 Qxa1+ 38. Rc1 Qa7+ 39. Qf2 Qa3 40. Rd1
Qd6 41. Qc2 Rd8 42. Qc4 Kh8 43. Kf2 Kg8 44. Kf3 Kh8 45. h3 Kg8 46. h4 Kh8 47.
Rd3 Kg8 48. Qe4 Kf8 49. Qd4 Kg8 50. Qc4 Kh8 51. Qe4 Kg8 52. Ke2 Kf8 53. Kf3 Kg8
54. f5 Kh8 55. Kg4 Rb8 56. Qe6 Qb4+ 57. Kh5 Qc4 58. Re3 Qd4 59. Qe4 Qc5 60. Kg6
Qf8 61. Qe6 Rd8 62. g4 Rd6 1-0

[Event "KONIK MORSKI REWALA 2013-B"]
[Site "Rewal"]
[Date "2013.08.23"]
[Round "4.7"]
[White "Zarnowski, Krzysztof"]
[Black "Poswiatowski, Michal"]
[Result "1/2-1/2"]
[WhiteElo "1817"]
[BlackElo "2085"]
[PlyCount "59"]
[EventDate "2013.??.??"]

1. d4 Nf6 2. c4 c5 3. d5 d6 4. Nc3 g6 5. e4 Bg7 6. Be2 Na6 7. Bf4 Nc7 8. Qd2 h6
9. h4 Bd7 10. e5 dxe5 11. Bxe5 a6 12. Qf4 Rc8 13. Ne4 Bf5 14. Bxf6 Bxf6 15.
Nxf6+ exf6 16. g4 Bd7 17. Bd3 Kf8 18. h5 Qe7+ 19. Ne2 g5 20. Qf3 Ne8 21. O-O
Nd6 22. Ng3 Re8 23. Rfe1 Qxe1+ 24. Rxe1 Rxe1+ 25. Kg2 Kg7 26. Bf5 Bxf5 27.
Nxf5+ Nxf5 28. Qxf5 Rd8 29. Qd3 Re5 30. a3 1/2-1/2

[Event "KONIK MORSKI REWALA 2013-B"]
[Site "Rewal"]
[Date "2013.08.23"]
[Round "4.8"]
[White "Biszof, Henryk"]
[Black "Mulenko, Alexander"]
[Result "0-1"]
[WhiteElo "1730"]
[BlackElo "2042"]
[PlyCount "82"]
[EventDate "2013.??.??"]

1. e4 c5 2. Nf3 g6 3. d4 Bg7 4. c3 cxd4 5. Nxd4 Nc6 6. Bc4 Nf6 7. Nxc6 bxc6 8.
Qf3 O-O 9. O-O d5 10. exd5 cxd5 11. Bb3 Bg4 12. Qd3 Bf5 13. Qd1 Qc7 14. h3 Rad8
15. Bg5 Ne4 16. Be3 Nc5 17. Bc2 Bc8 18. Nd2 e5 19. Nf3 Ne6 20. Bb3 Bb7 21. Rc1
Qb8 22. Qe2 Rfe8 23. Bg5 Nxg5 24. Nxg5 h6 25. Nf3 Kh7 26. Qd1 Qc8 27. Re1 Qf5
28. Bc2 Qf4 29. g3 Qf6 30. h4 d4 31. Nh2 dxc3 32. Ng4 Qb6 33. Qe2 Rd2 34. Qe3
Qxe3 35. Nxe3 cxb2 36. Rcd1 Red8 37. Rxd2 Rxd2 38. Bb1 e4 39. h5 Bd4 40. hxg6+
Kxg6 41. Nd1 f5 0-1

[Event "KONIK MORSKI REWALA 2013-B"]
[Site "Rewal"]
[Date "2013.08.23"]
[Round "4.9"]
[White "Patola, Eero"]
[Black "Kosakowski, Jakub"]
[Result "0-1"]
[WhiteElo "1947"]
[BlackElo "1846"]
[PlyCount "64"]
[EventDate "2013.??.??"]

1. c4 Nf6 2. Nc3 d5 3. cxd5 Nxd5 4. g3 g6 5. Bg2 Nb6 6. Nf3 Bg7 7. O-O O-O 8.
d4 c6 9. Bf4 Bg4 10. Ne5 Be6 11. Na4 Nxa4 12. Qxa4 Nd7 13. Nxc6 bxc6 14. Bxc6
Nb6 15. Qa5 Nd5 16. Qd2 Nxf4 17. Qxf4 Rc8 18. Bg2 Qxd4 19. Qxd4 Bxd4 20. Rfd1
Bxb2 21. Rab1 Bf6 22. a4 Rc4 23. a5 Ra4 24. Rb5 Bg4 25. Rc5 Bxe2 26. Re1 Bg4
27. h3 Be6 28. Bc6 Ra2 29. Bd5 Bxd5 30. Rxd5 Rc8 31. g4 h6 32. f4 Rcc2 0-1

[Event "KONIK MORSKI REWALA 2013-B"]
[Site "Rewal"]
[Date "2013.08.23"]
[Round "4.10"]
[White "Kwasniewski, Pawel"]
[Black "Kaluzny, Wlodzimierz"]
[Result "1/2-1/2"]
[WhiteElo "1536"]
[BlackElo "1922"]
[PlyCount "60"]
[EventDate "2013.??.??"]

1. d4 d5 2. c4 e6 3. Nc3 f5 4. Bf4 c6 5. e3 Nf6 6. Nf3 Be7 7. Be2 O-O 8. O-O
Ne4 9. h3 Nd7 10. Ne5 Nxe5 11. Bxe5 Bd6 12. f4 Bxe5 13. dxe5 Qb6 14. Nxe4 fxe4
15. Qd4 Qxd4 16. exd4 Bd7 17. Rac1 Rac8 18. c5 Rb8 19. Rc3 b6 20. b3 bxc5 21.
Rxc5 Rb4 22. Ra5 Rxd4 23. Rxa7 Rd2 24. Bg4 Bc8 25. Rc7 Ba6 26. Bxe6+ Kh8 27.
Re1 g6 28. Rxc6 Rxf4 29. Rxa6 Rff2 30. Bxd5 Rxg2+ 1/2-1/2

[Event "KONIK MORSKI REWALA 2013-B"]
[Site "Rewal"]
[Date "2013.08.23"]
[Round "4.11"]
[White "Najdzionek, Boleslaw"]
[Black "Woloch, Oskar"]
[Result "0-1"]
[WhiteElo "1911"]
[BlackElo "1779"]
[PlyCount "112"]
[EventDate "2013.??.??"]

1. d4 c5 2. d5 e5 3. dxe6 fxe6 4. c4 Nf6 5. Nc3 a6 6. Nf3 Nc6 7. e3 Be7 8. Bd3
O-O 9. O-O d5 10. Qe2 Qc7 11. b3 Bd7 12. Bb2 Rad8 13. Rad1 Bc8 14. h3 Rfe8 15.
Bb1 Bd6 16. Kh1 Be5 17. Nxe5 Nxe5 18. f4 Nf7 19. Na4 e5 20. cxd5 Nxd5 21. Qf3
Nf6 22. Nc3 b5 23. Nd5 Nxd5 24. Rxd5 Rxd5 25. Qxd5 Bb7 26. Qd3 e4 27. Qc3 Nd6
28. f5 Rf8 29. Qe5 Ne8 30. Qe6+ Qf7 31. Qe5 Qf6 32. Rf4 Nd6 33. g4 Qxe5 34.
Bxe5 Nf7 35. Bc3 b4 36. Be1 Rd8 37. Bc2 Ne5 38. Kg1 Nd3 39. Bxd3 Rxd3 40. Kf2
Kf7 41. g5 Rd1 42. Rh4 Rd5 43. Rxe4 Rxf5+ 44. Rf4 Ke6 45. h4 Be4 46. Ke2 Rxf4
47. exf4 Bb1 48. Kd2 c4 49. bxc4 Bxa2 50. c5 a5 51. Kc2 g6 52. Bd2 Bc4 53. Kb2
Kd5 54. Be3 a4 55. Bf2 a3+ 56. Kc2 Bd3+ 0-1

[Event "KONIK MORSKI REWALA 2013-B"]
[Site "Rewal"]
[Date "2013.08.23"]
[Round "4.12"]
[White "Murawko, Julia"]
[Black "Murawko, Katarzyna"]
[Result "1/2-1/2"]
[WhiteElo "1687"]
[BlackElo "1904"]
[PlyCount "68"]
[EventDate "2013.??.??"]

1. d4 d5 2. e3 g6 3. Bd3 Bg7 4. Nd2 Nf6 5. Ngf3 O-O 6. O-O Nbd7 7. c3 c6 8. Qe2
Qc7 9. h3 e5 10. dxe5 Nxe5 11. Nxe5 Qxe5 12. Nf3 Qe7 13. Rd1 Ne4 14. c4 dxc4
15. Bxc4 Be6 16. Bxe6 Qxe6 17. Nd4 Qe7 18. Rb1 Rad8 19. Nf3 Rxd1+ 20. Qxd1 Qd6
21. Qxd6 Nxd6 22. Bd2 Rd8 23. Bb4 b6 24. Bxd6 Rxd6 25. Kf1 Kf8 26. Ke2 Ke7 27.
b3 h6 28. Rc1 Kd7 29. Nd2 Kc7 30. Rc2 Rd7 31. Rc1 Rd6 32. Rc2 Rd7 33. Rc1 Rd6
34. Rc2 Rd7 1/2-1/2

[Event "KONIK MORSKI REWALA 2013-B"]
[Site "Rewal"]
[Date "2013.08.23"]
[Round "4.13"]
[White "Zurek, Jacek"]
[Black "Maczka, Miroslawa"]
[Result "1-0"]
[WhiteElo "1898"]
[BlackElo "1563"]
[PlyCount "55"]
[EventDate "2013.??.??"]

1. c4 Nf6 2. Nc3 g6 3. e4 d6 4. g3 Bg7 5. Bg2 Nbd7 6. Nge2 O-O 7. O-O e5 8. d3
Re8 9. f4 c6 10. h3 Nf8 11. Be3 Bd7 12. Qd2 a6 13. d4 exd4 14. Bxd4 Qc7 15. e5
dxe5 16. fxe5 Nh5 17. g4 Bxe5 18. gxh5 Rad8 19. Bxe5 Qxe5 20. Qf4 Qc5+ 21. Kh2
Bf5 22. Rad1 Ne6 23. Qh4 Qe5+ 24. Qg3 Qc5 25. b4 Qxc4 26. Rxd8 Rxd8 27. Rxf5
Rd3 28. Rf3 1-0

[Event "KONIK MORSKI REWALA 2013-B"]
[Site "Rewal"]
[Date "2013.08.23"]
[Round "4.14"]
[White "Smieszek, Wojciech"]
[Black "Mielczarek, Joanna"]
[Result "1-0"]
[WhiteElo "1887"]
[BlackElo "1509"]
[PlyCount "79"]
[EventDate "2013.??.??"]

1. e4 e5 2. Nf3 Nc6 3. Bb5 Nge7 4. O-O a6 5. Ba4 g6 6. c3 Bg7 7. d4 exd4 8.
cxd4 b5 9. Bb3 d6 10. Nc3 O-O 11. h3 Bb7 12. Re1 Na5 13. Bc2 c5 14. Bg5 Nac6
15. dxc5 dxc5 16. Nd5 f6 17. Be3 Nxd5 18. exd5 Nd4 19. Nxd4 cxd4 20. Bxd4 Bxd5
21. Bc5 Rf7 22. Be7 Rxe7 23. Rxe7 Kh8 24. Re3 Bc4 25. Qxd8+ Rxd8 26. Rd1 Rc8
27. Rde1 Bf7 28. Bb3 Bxb3 29. axb3 Kg8 30. Re8+ Rxe8 31. Rxe8+ Kf7 32. Ra8 f5
33. Rxa6 Bxb2 34. Rb6 h6 35. Rxb5 f4 36. Rb6 Bd4 37. Rc6 h5 38. h4 Be5 39. b4
Bf6 40. b5 1-0

[Event "KONIK MORSKI REWALA 2013-B"]
[Site "Rewal"]
[Date "2013.08.23"]
[Round "4.15"]
[White "Buraczewski, Rafal"]
[Black "Czarnecki, Wojciech"]
[Result "1-0"]
[WhiteElo "1803"]
[BlackElo "2089"]
[PlyCount "45"]
[EventDate "2013.??.??"]

1. d4 d5 2. Nf3 Nf6 3. c4 c6 4. e3 g6 5. Nc3 Bg7 6. Be2 O-O 7. O-O Nbd7 8. b3
dxc4 9. bxc4 c5 10. Bb2 cxd4 11. exd4 Nh5 12. Qd2 Re8 13. Ng5 Nhf6 14. Nge4 Nb6
15. Nxf6+ Bxf6 16. Ne4 Bg7 17. d5 Bxb2 18. Qxb2 Qc7 19. d6 Na4 20. Qa3 Qd7 21.
c5 f5 22. Qb3+ Kg7 23. Bb5 1-0

[Event "KONIK MORSKI REWALA 2013-B"]
[Site "Rewal"]
[Date "2013.08.23"]
[Round "4.16"]
[White "Koziej, Maciej"]
[Black "Suliborski, Artur"]
[Result "1/2-1/2"]
[WhiteElo "2063"]
[BlackElo "1817"]
[PlyCount "38"]
[EventDate "2013.??.??"]

1. Nf3 Nf6 2. d4 e6 3. c4 b6 4. Nc3 Bb7 5. Bf4 Bb4 6. e3 O-O 7. Qb3 Bxc3+ 8.
bxc3 d6 9. Be2 Nbd7 10. a4 a5 11. h3 Ne4 12. Rd1 Qe7 13. O-O e5 14. Bh2 Kh8 15.
c5 dxc5 16. Nxe5 Nxe5 17. Bxe5 Ng5 18. Kh2 f6 19. Bf4 Ne6 1/2-1/2

[Event "KONIK MORSKI REWALA 2013-B"]
[Site "Rewal"]
[Date "2013.08.23"]
[Round "4.17"]
[White "Jaskolka, Tomasz"]
[Black "Matzkowiak, Roman"]
[Result "1-0"]
[WhiteElo "2019"]
[BlackElo "1802"]
[PlyCount "46"]
[EventDate "2013.??.??"]

1. e4 c5 2. Nf3 d6 3. d4 cxd4 4. Nxd4 Nf6 5. Nc3 a6 6. Bg5 e6 7. Qf3 Be7 8. Qg3
Nc6 9. Nxc6 bxc6 10. e5 dxe5 11. Qxe5 Qb6 12. Be2 O-O 13. O-O Nd7 14. Qe3 Bxg5
15. Qxg5 Qxb2 16. Ne4 Qxc2 17. Bf3 f6 18. Qg3 Kh8 19. Qd6 Re8 20. Rac1 Qa4 21.
Nc5 Nxc5 22. Bxc6 Nb7 23. Qc7 Na5 1-0

[Event "KONIK MORSKI REWALA 2013-B"]
[Site "Rewal"]
[Date "2013.08.23"]
[Round "4.18"]
[White "Jaskiewicz, Kamila"]
[Black "Skomial, Mateusz"]
[Result "0-1"]
[WhiteElo "1676"]
[BlackElo "2014"]
[PlyCount "118"]
[EventDate "2013.??.??"]

1. Nf3 d5 2. c4 e6 3. g3 Nf6 4. Bg2 c6 5. b3 Bd6 6. Bb2 Nbd7 7. O-O e5 8. d3
O-O 9. Nbd2 Re8 10. e4 dxe4 11. Nxe4 Nxe4 12. dxe4 Qe7 13. Qc2 Nf6 14. Rad1 Bg4
15. h3 Bh5 16. g4 Bg6 17. Nh4 Rad8 18. Nxg6 hxg6 19. Bc3 Nh7 20. Qe2 Ng5 21. h4
Ne6 22. g5 Nf4 23. Qf3 Bb4 24. Bb2 Bd2 25. Qg4 Rd3 26. Bc1 Bxc1 27. Rxc1 Rd2
28. Rcd1 Qb4 29. Bf3 Red8 30. Rxd2 Rxd2 31. Rd1 Rxd1+ 32. Bxd1 Qe1+ 33. Kh2
Qxf2+ 34. Kh1 Nh5 35. Qc8+ Kh7 36. Bxh5 Qxh4+ 37. Kg2 Qxh5 38. Qxb7 Qxg5+ 39.
Kf3 Qf4+ 40. Kg2 Qxe4+ 41. Kg1 Qb1+ 42. Kf2 Qxa2+ 43. Ke3 f5 44. Qb8 f4+ 45.
Kf3 Qc2 46. Qxe5 Qxb3+ 47. Kxf4 Qxc4+ 48. Ke3 Qb3+ 49. Kf2 Qc2+ 50. Ke1 c5 51.
Qe6 Qc3+ 52. Kf2 c4 53. Qg4 Qd3 54. Ke1 Qe3+ 55. Kd1 c3 56. Qh4+ Qh6 57. Qf2
Qd2+ 58. Qxd2 cxd2 59. Kxd2 g5 0-1

[Event "KONIK MORSKI REWALA 2013-B"]
[Site "Rewal"]
[Date "2013.08.23"]
[Round "4.20"]
[White "Parol, Pawel"]
[Black "Prominski, Piotr"]
[Result "1/2-1/2"]
[WhiteElo "1988"]
[BlackElo "1796"]
[PlyCount "51"]
[EventDate "2013.??.??"]

1. e4 c5 2. Nf3 d6 3. d4 cxd4 4. Nxd4 Nf6 5. f3 Qb6 6. c4 Nc6 7. Nc2 g6 8. Qd3
Bg7 9. Qb3 Nd7 10. Nc3 Nd4 11. Nxd4 Bxd4 12. Na4 Qxb3 13. axb3 Kd8 14. Bd3 e6
15. Nc3 a6 16. b4 Rb8 17. Bf4 Ne5 18. Bg5+ Kd7 19. O-O-O h6 20. Bf4 g5 21. Bg3
Kc7 22. Kc2 f6 23. Rhe1 Bd7 24. Bf1 Ba7 25. Rd2 Rhd8 26. Red1 1/2-1/2

[Event "KONIK MORSKI REWALA 2013-B"]
[Site "Rewal"]
[Date "2013.08.23"]
[Round "4.21"]
[White "Jablonska, Sabina"]
[Black "Kozaczynska, Aleksandra"]
[Result "1-0"]
[WhiteElo "1957"]
[BlackElo "1584"]
[PlyCount "103"]
[EventDate "2013.??.??"]

1. e4 c5 2. Nf3 d6 3. d4 cxd4 4. Nxd4 Nf6 5. Nc3 g6 6. Bc4 Bg7 7. Be3 a6 8. f3
b5 9. Bb3 Bb7 10. Qd2 Nbd7 11. Bh6 Bxh6 12. Qxh6 Ne5 13. Nd5 Qa5+ 14. Nc3 O-O-O
15. O-O-O Nc4 16. Qg5 h6 17. Qg3 Kb8 18. Rhe1 Rc8 19. Bxc4 Rxc4 20. e5 Nh5 21.
Qh4 b4 22. Nb1 dxe5 23. Nb3 Qc7 24. Qf2 Rc8 25. c3 Nf4 26. g3 bxc3 27. Nxc3 Nd5
28. Rxd5 Bxd5 29. Kb1 Bb7 30. Qe3 f6 31. Qxh6 g5 32. h4 gxh4 33. gxh4 Bxf3 34.
Rc1 Qd8 35. Qe3 Bh5 36. Rh1 Bg6+ 37. Ka1 Bc2 38. h5 Bxb3 39. axb3 Qa5+ 40. Na4
R4c6 41. h6 Rh8 42. h7 Qd5 43. Qh3 e6 44. Rg1 Rcc8 45. Qh6 Qxb3 46. Nc3 Qc2 47.
Rg7 Rcf8 48. Rd7 Qg2 49. Qe3 Qf1+ 50. Nb1 Kc8 51. Qa7 Qb5 52. Qc7# 1-0

[Event "KONIK MORSKI REWALA 2013-B"]
[Site "Rewal"]
[Date "2013.08.23"]
[Round "4.22"]
[White "Puroila, Sippo"]
[Black "Antolak, Julia"]
[Result "0-1"]
[WhiteElo "1880"]
[BlackElo "1760"]
[PlyCount "58"]
[EventDate "2013.??.??"]

1. Nf3 d5 2. d4 Nf6 3. c4 c6 4. cxd5 cxd5 5. Nc3 Nc6 6. Bf4 a6 7. e3 Bg4 8. h3
Bh5 9. a3 e6 10. Be2 Bd6 11. Bxd6 Qxd6 12. O-O O-O 13. b4 b5 14. Rc1 Rac8 15.
Nd2 Bxe2 16. Qxe2 e5 17. dxe5 Nxe5 18. Rfd1 Nc4 19. Nxc4 Rxc4 20. Qd3 Rfc8 21.
Ne2 Rxc1 22. Nxc1 Qc6 23. Nb3 h6 24. Nc5 a5 25. Rc1 axb4 26. axb4 Ne4 27. Nb3
Qxc1+ 28. Nxc1 Rxc1+ 29. Kh2 Rh1+ 0-1

[Event "KONIK MORSKI REWALA 2013-B"]
[Site "Rewal"]
[Date "2013.08.23"]
[Round "4.23"]
[White "Sroka, Janusz"]
[Black "Burakowska, Gabriela"]
[Result "1-0"]
[WhiteElo "2095"]
[BlackElo "1691"]
[PlyCount "59"]
[EventDate "2013.??.??"]

1. e4 c5 2. Nc3 e6 3. Bc4 a6 4. a4 Qc7 5. d3 Nf6 6. f4 d6 7. Nf3 b6 8. O-O Bb7
9. Qe1 Be7 10. Qg3 d5 11. e5 Nh5 12. Qh3 dxc4 13. Qxh5 cxd3 14. cxd3 Nc6 15.
Ng5 g6 16. Qg4 h6 17. Nxe6 fxe6 18. Qxe6 Nd4 19. Qxg6+ Kd8 20. Rf2 Qc6 21. Qg7
Rf8 22. Ne4 Nf5 23. Qh7 Qe6 24. g4 Nd4 25. f5 Qb3 26. Bxh6 Rf7 27. Qg6 Bh4 28.
Bg5+ Bxg5 29. Nxg5 Qd5 30. Qg8+ 1-0

[Event "KONIK MORSKI REWALA 2013-B"]
[Site "Rewal"]
[Date "2013.08.23"]
[Round "4.24"]
[White "Drela, Michal"]
[Black "Nowak, Ryszard"]
[Result "1/2-1/2"]
[WhiteElo "1643"]
[BlackElo "2006"]
[PlyCount "39"]
[EventDate "2013.??.??"]

1. d4 Nf6 2. Nf3 b6 3. c4 e6 4. Nc3 Bb7 5. e3 Bb4 6. Bd2 c5 7. a3 Bxc3 8. Bxc3
Ne4 9. Rc1 O-O 10. Be2 d5 11. cxd5 Qxd5 12. dxc5 Nxc5 13. Qxd5 Bxd5 14. O-O
Nbd7 15. Nd4 Rfc8 16. Bb4 a5 17. Bxc5 Rxc5 18. b4 axb4 19. axb4 Rxc1 20. Rxc1
1/2-1/2

[Event "KONIK MORSKI REWALA 2013-B"]
[Site "Rewal"]
[Date "2013.08.23"]
[Round "4.25"]
[White "Posuniak, Weronika"]
[Black "Kuciel, Wladyslaw"]
[Result "1/2-1/2"]
[WhiteElo "1584"]
[BlackElo "1978"]
[PlyCount "107"]
[EventDate "2013.??.??"]

1. d4 Nf6 2. c4 e6 3. Nf3 Bb4+ 4. Bd2 a5 5. Qc2 Nc6 6. e4 d6 7. Bc3 O-O 8. Bd3
e5 9. O-O Bxc3 10. Qxc3 Re8 11. d5 Ne7 12. h3 Ng6 13. Nbd2 Nf4 14. Kh2 Bd7 15.
Rfe1 Nxd3 16. Qxd3 Nh5 17. Nf1 Nf4 18. Qb3 a4 19. Qe3 f5 20. Ng3 g6 21. b3 Rf8
22. Nd2 Qg5 23. exf5 gxf5 24. Nf3 Qf6 25. Red1 Nxg2 26. Kxg2 f4 27. Qe2 fxg3
28. fxg3 axb3 29. a3 e4 30. Nd4 e3 31. Qxe3 Rae8 32. Qd2 b2 33. Rab1 c5 34. Ne6
Bxe6 35. dxe6 Qf3+ 36. Kh2 Rxe6 37. Rxb2 Kh8 38. Qd3 Qf6 39. Re2 Rfe8 40. Rde1
Re5 41. Rxe5 Qf2+ 42. Kh1 dxe5 43. Rf1 e4 44. Rxf2 exd3 45. Rd2 Rd8 46. a4 Rd4
47. a5 Kg7 48. Kg2 Kf6 49. Kf3 Ke5 50. Ke3 Rxc4 51. Rxd3 Ra4 52. Rb3 Rxa5 53.
Rxb7 Ra3+ 54. Kd2 1/2-1/2

[Event "KONIK MORSKI REWALA 2013-B"]
[Site "Rewal"]
[Date "2013.08.23"]
[Round "4.28"]
[White "Kardasz, Wladyslaw"]
[Black "Krzysztofiak, Zdzislaw"]
[Result "0-1"]
[WhiteElo "1846"]
[BlackElo "1685"]
[PlyCount "88"]
[EventDate "2013.??.??"]

1. e4 e5 2. Nf3 Nc6 3. Bb5 a6 4. Bxc6 dxc6 5. d4 exd4 6. Qxd4 Qxd4 7. Nxd4 c5
8. Nb3 Bd6 9. Nc3 Be6 10. O-O Nf6 11. h3 O-O-O 12. Be3 b6 13. f4 Be7 14. a4
Bxb3 15. cxb3 Rd3 16. Kf2 Rhd8 17. Ke2 c6 18. Nd5 Rxe3+ 19. Nxe3 Nxe4 20. Rfd1
g6 21. Rxd8+ Kxd8 22. Kd3 f5 23. b4 cxb4 24. Nc4 Kc7 25. Ne5 Bf6 26. b3 Kd6 27.
Nc4+ Kc5 28. Rg1 b5 29. axb5 Kxb5 30. Rf1 a5 31. g4 a4 32. bxa4+ Kxa4 33. gxf5
c5 34. Ne5 Kb5 35. Nd7 Bd4 36. Nf8 Nf2+ 37. Ke2 Nxh3 38. Ne6 Ng1+ 39. Kd3 Nf3
40. Nxd4+ Nxd4 41. Rh1 Ne6 42. Ke3 b3 43. Rxh7 Kc4 44. Rh6 b2 0-1

[Event "KONIK MORSKI REWALA 2013-B"]
[Site "Rewal"]
[Date "2013.08.23"]
[Round "4.29"]
[White "Miczek, Szczepan"]
[Black "Vakhitov, Dmitri"]
[Result "0-1"]
[WhiteElo "1797"]
[BlackElo "1664"]
[PlyCount "60"]
[EventDate "2013.??.??"]

1. e4 c5 2. Nf3 d6 3. d4 cxd4 4. Nxd4 Nf6 5. Nc3 a6 6. Bg5 Nbd7 7. f4 h6 8. Bh4
e6 9. Qf3 Be7 10. O-O-O Qc7 11. Qg3 O-O 12. Bd3 b5 13. Qf3 Bb7 14. g4 b4 15.
Nce2 Nc5 16. Bxf6 Bxf6 17. h4 Bxd4 18. Nxd4 f5 19. Rhe1 fxe4 20. Bxe4 Bxe4 21.
Rxe4 Nxe4 22. Qxe4 Rae8 23. Nxe6 Qe7 24. f5 Qxh4 25. Qxb4 Rf7 26. Rxd6 Rxf5 27.
Qd4 Rf1+ 28. Kd2 Qe1+ 29. Kd3 Rxe6 30. Rd8+ Kh7 0-1

[Event "KONIK MORSKI REWALA 2013-B"]
[Site "Rewal"]
[Date "2013.08.23"]
[Round "4.30"]
[White "Niedbal, Piotr"]
[Black "Kasianczuk, Krzysztof"]
[Result "1-0"]
[WhiteElo "1773"]
[BlackElo "1560"]
[PlyCount "65"]
[EventDate "2013.??.??"]

1. e4 e5 2. Nf3 Nc6 3. Bc4 Nf6 4. Ng5 d5 5. exd5 Na5 6. Bb5+ c6 7. dxc6 bxc6 8.
Be2 h6 9. Nf3 e4 10. Ne5 Bd6 11. d4 exd3 12. Nxd3 O-O 13. O-O Qc7 14. h3 Bf5
15. Nd2 Rad8 16. b3 Rfe8 17. Bb2 Ne4 18. Nxe4 Rxe4 19. Qd2 Rh4 20. Qc3 f6 21.
Bf3 Bh2+ 22. Kh1 Bxh3 23. gxh3 Bg1 24. Rxg1 Rxh3+ 25. Kg2 Qh2+ 26. Kf1 Rxf3 27.
Qxa5 Rdxd3 28. Rxg7+ Kxg7 29. Qxa7+ Kg6 30. cxd3 Rxd3 31. Ke2 Rg3 32. Rh1 Qxh1
33. fxg3 1-0

[Event "KONIK MORSKI REWALA 2013-B"]
[Site "Rewal"]
[Date "2013.08.23"]
[Round "4.31"]
[White "Kopica, Paulina"]
[Black "Kowacz, Agnieszka"]
[Result "1-0"]
[WhiteElo "1750"]
[BlackElo "1366"]
[PlyCount "57"]
[EventDate "2013.??.??"]

1. e4 c5 2. Nf3 e6 3. c3 d5 4. e5 Nc6 5. d4 c4 6. g3 Nge7 7. Bh3 Ng6 8. O-O h5
9. Ne1 h4 10. g4 Be7 11. Ng2 Rb8 12. f4 b5 13. f5 Nf8 14. Nf4 Bg5 15. Nh5 g6
16. fxg6 Nxg6 17. Qf3 Rb7 18. Na3 a6 19. Nc2 Bxc1 20. Nf6+ Kf8 21. Raxc1 Qb6
22. Kh1 Rh6 23. g5 Rh8 24. Nxd5 Ncxe5 25. dxe5 Nxe5 26. Qf6 exd5 27. Qxh8+ Ke7
28. Bxc8 Rb8 29. Qxe5+ 1-0

[Event "KONIK MORSKI REWALA 2013-B"]
[Site "Rewal"]
[Date "2013.08.23"]
[Round "4.32"]
[White "Hagner, Pawel"]
[Black "Rudol, Maria"]
[Result "1-0"]
[WhiteElo "1772"]
[BlackElo "1446"]
[PlyCount "47"]
[EventDate "2013.??.??"]

1. d4 d5 2. Nf3 Nf6 3. Bg5 Nbd7 4. e3 e6 5. c3 Bd6 6. Nbd2 O-O 7. Bd3 c6 8. Qe2
Qc7 9. e4 dxe4 10. Nxe4 Be7 11. O-O Re8 12. Bh4 Qb6 13. Rfe1 Nd5 14. Bg3 c5 15.
Bb5 Rd8 16. Bd3 Re8 17. Rad1 f6 18. Bc4 Qc6 19. Nxc5 Nxc5 20. Bb5 Qb6 21. dxc5
Bxc5 22. Bxe8 a6 23. Ba4 Kf7 24. Rxd5 1-0

[Event "KONIK MORSKI REWALA 2013-B"]
[Site "Rewal"]
[Date "2013.08.23"]
[Round "4.33"]
[White "Rudol, Matylda"]
[Black "Maliszewski, Jacek"]
[Result "0-1"]
[WhiteElo "1483"]
[BlackElo "1747"]
[PlyCount "130"]
[EventDate "2013.??.??"]

1. e4 c5 2. c4 e5 3. g3 g6 4. Bg2 Bg7 5. Nc3 Ne7 6. Nge2 O-O 7. d3 d6 8. O-O
Nbc6 9. Be3 Nd4 10. Nd5 Nxd5 11. exd5 f5 12. f4 Nxe2+ 13. Qxe2 exf4 14. Bxf4
Bd4+ 15. Kh1 Qf6 16. Rab1 g5 17. Bc1 Bd7 18. Qh5 h6 19. h4 Be8 20. Qf3 gxh4 21.
gxh4 Qxh4+ 22. Qh3 Qxh3+ 23. Bxh3 Bg6 24. Bxh6 Rf7 25. Bf4 Re8 26. Bxd6 Re3 27.
Kg2 Rg7 28. Rf4 Bh5+ 29. Kh2 Bf3 30. Rxf3 Rxf3 31. Rf1 Rxd3 32. Bxf5 Rd2+ 33.
Kh1 Rg5 34. Be6+ Kg7 35. Bh3 Rh5 36. Rf3 Rd1+ 37. Kg2 Rg5+ 38. Rg3 Rd2+ 39. Kh1
Rxg3 40. Bxg3 Rxb2 41. d6 Bf6 42. d7 Rb1+ 43. Kg2 Bd8 44. Bd6 b6 45. Be6 Kf6
46. Bd5 Rb2+ 47. Kf3 Rxa2 48. Ke3 a5 49. Kd3 Rb2 50. Bc6 Ke6 51. Bf4 Rb4 52.
Bb5 Rxb5 53. cxb5 Kxd7 54. Kc4 Bc7 55. Bd2 Ke6 56. Bc3 Be5 57. Bd2 a4 58. Bc1
Bd4 59. Ba3 Ke5 60. Bc1 Ke4 61. Bg5 a3 62. Kb3 Bb2 63. Bd8 Kd3 64. Bxb6 c4+ 65.
Ka2 c3 0-1

[Event "KONIK MORSKI REWALA 2013-B"]
[Site "Rewal"]
[Date "2013.08.23"]
[Round "4.34"]
[White "Pietinen, Pekka"]
[Black "Czepczynski, Boguslaw"]
[Result "1/2-1/2"]
[WhiteElo "2015"]
[BlackElo "1890"]
[PlyCount "91"]
[EventDate "2013.??.??"]

1. e4 g6 2. d4 Bg7 3. c4 c5 4. dxc5 Qa5+ 5. Bd2 Qxc5 6. Nc3 Nf6 7. Be3 Qa5 8.
f3 Nc6 9. Nge2 d6 10. Nd4 Nxd4 11. Bxd4 O-O 12. Qd2 Be6 13. Be2 Nd7 14. Bxg7
Kxg7 15. Nd5 Qxd2+ 16. Kxd2 Bxd5 17. cxd5 Rfc8 18. Rhc1 h6 19. g3 Nb6 20. Bf1
Rxc1 21. Rxc1 Rc8 22. Rxc8 Nxc8 23. Bh3 Nb6 24. b3 Kf6 25. Ke3 e6 26. dxe6 fxe6
27. f4 Nd7 28. Kd4 Ke7 29. Kc4 Nf6 30. Kd4 Nd7 31. Kc4 Kf7 32. a4 Nf6 33. Kd4
Nd7 34. Kc4 Ke7 35. a5 Nb8 36. Kb5 Na6 37. Bg2 Nc7+ 38. Kc4 b6 39. axb6 axb6
40. Bf3 Kf6 41. h4 e5 42. Bg4 Ke7 43. Bc8 Kf6 44. Bd7 Ke7 45. Bc8 Kf6 46. Bd7
1/2-1/2

[Event "KONIK MORSKI REWALA 2013-B"]
[Site "Rewal"]
[Date "2013.08.23"]
[Round "4.35"]
[White "Gajzner, Ryszard"]
[Black "Jelen, Janusz"]
[Result "1-0"]
[WhiteElo "1755"]
[BlackElo "1931"]
[PlyCount "73"]
[EventDate "2013.??.??"]

1. d4 d5 2. c4 c6 3. Nf3 f6 4. e3 Bg4 5. Nc3 e6 6. Be2 Bd6 7. Qb3 Qc8 8. e4
dxe4 9. Nxe4 Bc7 10. O-O Ne7 11. Qb4 Nf5 12. Rd1 Na6 13. Qc3 Nd6 14. Ng3 c5 15.
h3 cxd4 16. Qxd4 Bf5 17. c5 e5 18. Nxe5 Nxc5 19. Qxc5 fxe5 20. Qxe5+ Qe6 21.
Bf4 O-O 22. Nxf5 Rf6 23. Nxd6 Kf8 24. Qxe6 Rxe6 25. Bg4 Rf6 26. Be5 Rg6 27. Nc4
Bd8 28. Rd7 Be7 29. Rad1 Rc8 30. Nd6 Rc5 31. Bc3 h5 32. Bf3 b5 33. a3 a6 34.
Ne4 Rf5 35. Ng3 Rf4 36. Bxh5 Rg5 37. Be2 1-0